00262nam a2200121Ia 4500003000400000008004100004082001500045100001600060245001600076260003300092300000700125650000800132OSt191201s1998 xx 000 0 und d a302.2bJAP aJAMES, Judi 0aPeople Talk aNew DelhibExcel Booksc1998 a78 aMBA